000 01168nam a2200277 i 4500
001 bg
100 1 _aDattatri, Kayshav.
245 1 0 _aJęzyk C++ :
_befektywne programowanie obiektowe /
_cKayshav Dattatri ; [tł. Tomasz Walczak et al.].
246 _iTyt. oryg.:
_aC++ : effective object-oriented software construction
260 _aGliwice :
_b"Helion",
_c2005.
300 _a795 s. :
_brys. ;
_c24 cm.
500 _aTyt. oryg.: "C++ : effective object-oriented software construction". - Podtyt.: poznaj metody programowania stosowane przez profesjonalistów, Koncepcje programowania obiektowego, prawidłowa struktura projektu aplikacji, konstrukcje językowe, tworzenie złożonych aplikacji obiektowych.
504 _aIndeks.
650 9 _aC ++
650 9 _aProgramowanie obiektowe
655 _aPodręczniki
700 1 _aWALCZAK, Tomasz.
_eTł.
020 _a8373618120
040 _cBPK
041 1 _apol
_heng
080 _a004.438:004.045](07)A/Z
920 _a83-7361-812-0
942 _cKS
008 s pl f |000 0 pol
999 _c46514
_d46514
856 _uhttp://koha.tu.koszalin.pl/cgi-bin/koha/opac-detail.pl?biblionumber=46514
_yKatalog online BPK